| 000 | 00575nam a2200181 i 4500 | ||
|---|---|---|---|
| 001 | 132987 | ||
| 003 | ES-MaACL | ||
| 005 | 20250818054521.0 | ||
| 007 | t| | ||
| 008 | 070214s1932 sp r ||||1| spa d | ||
| 100 | 1 |
_aRoyo-Villanova Morales, Ricardo, _d1899-1975 _9100240 |
|
| 245 | 1 | 0 |
_aRedescubrimiento de D. Juan _b: (ensayo) / _cRicardo Royo-Villanova y Morales. |
| 260 |
_aMadrid : _bPrensa Moderna, _c1932. |
||
| 300 |
_a152 p. ; _c18 x 13 cm. |
||
| 650 | 7 |
_aDon Juan (Personaje de ficción) _2embne _911966 |
|
| 852 |
_aES-MaACL _jF-13981 |
||
| 999 |
_c132987 _d132987 |
||